00693 2200265 4500001002100000005001500021035002000036007000300056008004100059020002200100082001200122084001800134100001000152245004100162260004400203300003600247650001500283650001600298650001400314990001900328990002000347990002000367990002000387990002000407INLIS00000000000293620260506074316 a0010-0526000027ta260506 f 0 ind  a978-634-235-496-4 a630.206 a630.206 ASW k0 aAswin1 aKelembagaan Dan Organisasi Pertanian aJawa Barat :bPT. Adab Indonesia,c2025 axiv + 370 hlm. ;c14.5 x 21 cm. 4aOrganisasi 4aKelembagaan 4aPertanian a20260507.01009 a20260511.01.003 a20260516.01.001 a20260516.01.002 a20260516.01.003